000 00700nam a22002057a 4500
005 20241114094602.0
008 241113b |||||||| |||| 00| 0 eng d
020 _a9786218035973
082 _aDFil 378.12 L962 2020
100 _aLucas, Maria Rita D.
_92739
245 _aFacilitating learner-centered teaching /
_cMaria Rita D. Lucas and Brenda B. Corpuz.
250 _aFifth edition.
260 _aQuezon City :
_bLorimar Publishing Inc.,
_c©2020.
300 _axx, 289 pages :
_billustrations ;
_c25 cm.
500 _aIncludes references.
650 0 _aLearning, Psychology of.
_964122
650 0 _aCollege teaching.
_964123
700 _aCorpuz, Brenda B.
_916
_eauthor.
942 _2ddc
_cDFIL
999 _c23196
_d23196